The human body and how it works.

Bibliographic Details
Format: Libro
Language:English
Published: Science Program

MARC

LEADER 00000cam a2200000 a 4500
001 000017
003 UAHC_CL
005 20170803115611.0
008 030131b xx j 000 1 eng
040 |a UAHC_CL  |c UAHC_CL  |d UAHC_CL 
245 1 4 |a The human body and how it works. 
260 |b Science Program 
942 |c BK 
999 |c 17  |d 17